|
|
|
|
| LEADER |
01727nam a2200505 a 4500 |
| 001 |
000773897 |
| 003 |
CZ BrMZK |
| 005 |
20050628095815.0 |
| 007 |
ta |
| 008 |
050511s2004 xr a fr 000 0 cze d |
| 015 |
|
|
|a cnb001534123
|
| 020 |
|
|
|a 80-7330-063-X
|q (brož.)
|
| 035 |
|
|
|a (OCoLC)85144732
|
| 040 |
|
|
|a BOA001
|b cze
|
| 041 |
0 |
|
|a cze
|b eng
|b ger
|
| 043 |
|
|
|a e-xr---
|
| 072 |
|
7 |
|a 316
|x Sociologie
|2 Konspekt
|9 18
|
| 080 |
|
|
|a 316.728
|2 MRF
|
| 080 |
|
|
|a 316.4/.7
|2 MRF
|
| 080 |
|
|
|a 17.02
|2 MRF
|
| 080 |
|
|
|a 316.356.2
|2 MRF
|
| 080 |
|
|
|a 331.102
|2 MRF
|
| 080 |
|
|
|a 316
|2 MRF
|
| 080 |
|
|
|a (437.3)
|2 MRF
|
| 080 |
|
|
|a (048.8)
|2 MRF
|
| 100 |
1 |
|
|a Hamplová, Dana,
|d 1973-
|7 jo20000074465
|4 aut
|
| 245 |
1 |
0 |
|a Životní spokojenost: rodina, práce a další faktory /
|c Dana Hamplová
|
| 250 |
|
|
|a 1. vyd.
|
| 260 |
|
|
|a Praha :
|b Sociologický ústav AV ČR,
|c c2004
|
| 300 |
|
|
|a 43 s. :
|b il., ;
|c 25 cm
|
| 490 |
1 |
|
|a Sociologické studie ;
|v 04:06
|
| 500 |
|
|
|a 170 výt.
|
| 504 |
|
|
|a Obsahuje bibliografii
|
| 546 |
|
|
|a Anglické a německé resumé
|
| 650 |
0 |
7 |
|a životní styl
|7 ph136586
|x sociologické aspekty
|z Česko
|2 czenas
|
| 650 |
0 |
7 |
|a životní postoje
|7 ph128028
|x sociologické aspekty
|z Česko
|2 czenas
|
| 650 |
0 |
7 |
|a životní harmonie
|7 ph138147
|x sociologické aspekty
|z Česko
|2 czenas
|
| 650 |
0 |
7 |
|a rodina
|7 ph117260
|x sociologické aspekty
|z Česko
|2 czenas
|
| 650 |
0 |
7 |
|a zaměstnání
|7 ph127534
|x sociologické aspekty
|z Česko
|2 czenas
|
| 655 |
|
7 |
|a studie
|7 fd133597
|2 czenas
|
| 830 |
|
0 |
|a Sociologické studie
|
| 910 |
|
|
|a BOA001
|b 2-1152.217
|
| 990 |
|
|
|a BK
|
| 991 |
|
|
|b 200506
|c NOV
|
| 996 |
6 |
|
|b 2610251132
|c 2-1152.217
|l MZK
|r Sklad / do 1 hodiny
|n 78
|p p.v.
|w 000773897
|u 000010
|a 1
|e BOA001
|j MZK50
|s P
|